00626nam a2200169 a 450000100100000000500170001000800410002704000250006808200300009310000200012324500540014326000380019730000210023550400700025660000520032665100780037800003283020240409073643.0110727t1963 dr r 001 0 spa d aDO-SdBNPbspacBNPHU a923.17293053bT866h, 19631 aHerraiz, Ismael10aTrujillo dentro de la historia /cIsmael Herraiz. aMadrid :bEdiciones Acies,c1963. a429 p. ;c23 cm. aincluye referencias bibliográficas y notas al pie de páginas.10aTrujillo Molina, Rafael Leónidas,d 1891-1961 4aRepública DominicanaxPolítica Y GobiernoyERA DE TRUJILLO, 1930-1961